| 000 | 00437nam a2200181Ia 4500 | ||
|---|---|---|---|
| 001 | 14517 | ||
| 005 | 20260306164920.0 | ||
| 008 | 260306t1991||||xx |||||||||||||| ||spa|| | ||
| 041 | _aESP | ||
| 082 |
_a515.15 _bL25 1991 |
||
| 100 |
_aLarson, Ronald _eAUT |
||
| 245 | 0 |
_aCálculo: _by geometría analítica |
|
| 260 | _c1991 | ||
| 300 |
_axx, 1134 páginas : _c23 cm. |
||
| 650 | _aGEN | ||
| 654 | _aCMA | ||
| 942 |
_cLIB _dJUS _fJUS _2ddc _n |
||
| 999 |
_c14517 _d14517 |
||